MARC details
| 000 -LEADER |
| fixed length control field |
01050nam a2200301Ia 4500 |
| 003 - CONTROL NUMBER IDENTIFIER |
| control field |
IN-BaIIA |
| 008 - FIXED-LENGTH DATA ELEMENTS--GENERAL INFORMATION |
| fixed length control field |
211028s9999 xx s 000 0 eng d |
| 020 ## - INTERNATIONAL STANDARD BOOK NUMBER |
| International Standard Book Number |
978-3-540-63716-5 (Print) |
| 020 ## - INTERNATIONAL STANDARD BOOK NUMBER |
| International Standard Book Number |
978-3-540-69632-2 (Online) |
| 022 ## - INTERNATIONAL STANDARD SERIAL NUMBER |
| International Standard Serial Number |
0075-8450 (Print) |
| 022 ## - INTERNATIONAL STANDARD SERIAL NUMBER |
| International Standard Serial Number |
1616-6361 (Online) |
| 040 ## - CATALOGING SOURCE |
| Transcribing agency |
IIA Library |
| 100 ## - MAIN ENTRY--PERSONAL NAME |
| Personal name |
Jungmann, Klaus, ed. |
| 9 (RLIN) |
39798 |
| 245 #0 - TITLE STATEMENT |
| Title |
Atomic Physics Methods in Modern Research |
| Medium |
[eBook] |
| 260 ## - PUBLICATION, DISTRIBUTION, ETC. |
| Place of publication, distribution, etc. |
Heidelberg, Berlin |
| Name of publisher, distributor, etc. |
Springer Berlin Heidelberg |
| Date of publication, distribution, etc. |
1997 |
| 300 ## - PHYSICAL DESCRIPTION |
| Extent |
Online resource |
| 490 ## - SERIES STATEMENT |
| Series statement |
Lecture Notes in Physics |
| 650 ## - SUBJECT ADDED ENTRY--TOPICAL TERM |
| Topical term or geographic name entry element |
Atomic, Molecular, Optical and Plasma Physics |
| 650 ## - SUBJECT ADDED ENTRY--TOPICAL TERM |
| Topical term or geographic name entry element |
Biological and Medical Physics, Biophysics |
| 9 (RLIN) |
38290 |
| 650 ## - SUBJECT ADDED ENTRY--TOPICAL TERM |
| Topical term or geographic name entry element |
Physical Chemistry |
| 650 ## - SUBJECT ADDED ENTRY--TOPICAL TERM |
| Topical term or geographic name entry element |
Surfaces and Interfaces, Thin Films |
| 9 (RLIN) |
38400 |
| 650 ## - SUBJECT ADDED ENTRY--TOPICAL TERM |
| Topical term or geographic name entry element |
Physics |
| 9 (RLIN) |
73 |
| 700 ## - ADDED ENTRY--PERSONAL NAME |
| Personal name |
Kowalski, Joachim, ed. |
| 9 (RLIN) |
39799 |
| 700 ## - ADDED ENTRY--PERSONAL NAME |
| Personal name |
Reinhard, Irene, ed. |
| 9 (RLIN) |
39800 |
| 700 ## - ADDED ENTRY--PERSONAL NAME |
| Personal name |
Traeger, Frank, ed. |
| 9 (RLIN) |
39801 |
| 856 ## - ELECTRONIC LOCATION AND ACCESS |
| Uniform Resource Identifier |
<a href="http://doi.org/10.1007/BFb0104311">http://doi.org/10.1007/BFb0104311</a> |
| Link text |
Click Here to Access eBook |
| 942 ## - ADDED ENTRY ELEMENTS (KOHA) |
| Koha item type |
eBooks |